<?xml version="1.0" encoding="UTF-8"?>
<marc:record xmlns:marc="http://www.loc.gov/MARC21/slim">
   <marc:leader>00000nam a2200000 a 4500</marc:leader>
   <marc:datafield ind1="1" ind2=" " tag="100">
      <marc:subfield code="a">Sager, Riley</marc:subfield>
      <marc:subfield code="4">aut</marc:subfield>
      <marc:subfield code="e">Verfasser/-in</marc:subfield>
   </marc:datafield>
   <marc:datafield ind1="0" ind2="0" tag="245">
      <marc:subfield code="a">Final Girls</marc:subfield>
   </marc:datafield>
   <marc:datafield ind1="0" ind2="0" tag="245">
      <marc:subfield code="b">Thriller</marc:subfield>
   </marc:datafield>
   <marc:datafield ind1="0" ind2="0" tag="245">
      <marc:subfield code="c">Riley Sager</marc:subfield>
   </marc:datafield>
   <marc:datafield ind1=" " ind2="1" tag="264">
      <marc:subfield code="a">[München]</marc:subfield>
      <marc:subfield code="b">Dt. Taschenbuch-Verl. [u.a.]</marc:subfield>
      <marc:subfield code="c">2018</marc:subfield>
   </marc:datafield>
   <marc:datafield ind1="1" ind2=" " tag="520">
      <marc:subfield code="a">Als Einzige hat die Studentin Quincy ein Massaker auf einer Party überlebt. Sie hat jede Erinnerung an damals aus ihrem Gedächtnis gelöscht und sich mühsam ein normales Leben aufgebaut. Zwei andere Frauen, Lisa und Samantha, haben ähnlich Grauenvolles durchgemacht &#x96; ein Fest für die Medien, in denen die drei als »Final Girls« bekannt werden. Doch der Horror ist noch lange nicht zu Ende: Lisa wird tot aufgefunden. Ermordet? Der Schlüssel zu allem scheint in dem Massaker in Pine Cottage zu liegen, das nur Quincy überlebte. Angestachelt von Samantha, versucht sie verzweifelt sich zu erinnern, was dort geschah ...</marc:subfield>
   </marc:datafield>
   <marc:datafield ind1=" " ind2=" " tag="020">
      <marc:subfield code="a">9783423217309</marc:subfield>
      <marc:subfield code="9">9783423217309</marc:subfield>
   </marc:datafield>
   <marc:datafield ind1=" " ind2=" " tag="020">
      <marc:subfield code="a">3423217308</marc:subfield>
      <marc:subfield code="9">3423217308</marc:subfield>
   </marc:datafield>
   <marc:datafield ind1=" " ind2=" " tag="500">
      <marc:subfield code="a">A.d. Amerikan.</marc:subfield>
   </marc:datafield>
   <marc:datafield ind1=" " ind2=" " tag="300">
      <marc:subfield code="a">414 S.</marc:subfield>
   </marc:datafield>
</marc:record>
